Los alumnos como referente básico en la organización cotidiana del trabajo en el aula
Sparad:
| Huvudupphovsman: | |
|---|---|
| Materialtyp: | Bok |
| Språk: | spanska |
| Publicerad: |
Ciudad de México
CINVESTAV
1997
|
| Serie: | DIE Tesis, 21
|
| Ämnen: | |
| Taggar: |
Lägg till en tagg
Inga taggar, Lägg till första taggen!
|
MARC
| LEADER | 00000nam a2200000 a 4500 | ||
|---|---|---|---|
| 001 | UCQ2648 | ||
| 003 | CL-VaPUC | ||
| 008 | 980724e19970000MX |||||||||||||||||spa|d | ||
| 082 | 0 | 4 | |a 371.1 |b LUN |2 21 |
| 100 | |a Luna Elizarrarás, María Eugenia |e autora |9 416682 | ||
| 245 | 1 | 4 | |a Los alumnos como referente básico en la organización cotidiana del trabajo en el aula |
| 300 | |a 199 p | ||
| 942 | |c BK | ||
| 945 | |d 19980724 00:00:00 |a mvenant | ||
| 260 | |a Ciudad de México |b CINVESTAV |c 1997 | ||
| 650 | 0 | |a Alumnos |9 335074 | |
| 650 | 0 | |a Métodos de enseñanza |9 270413 | |
| 583 | |a last modification |c 20121108 09:19:02 |k Rodrigo Vera | ||
| 490 | 0 | |a DIE Tesis, 21 | |
| 999 | |c 273439 |d 273437 | ||
| 952 | |0 0 |1 0 |4 0 |6 371_100000000000000_LUN_1997 |7 0 |8 A |9 308988 |a BIBEDU |b BIBEDU |d 2019-11-20 |i 3445615 |o 371.1 LUN 1997 |p 3445615 |r 2019-11-20 |w 2019-11-20 |y BK |k EPE | ||